Senior marketing v tanečnej škole bakalárska práca

Salvato in:
Dettagli Bibliografici
Autore principale: Petrovičová, Izabela
Ente Autore: Obchodná fakulta EU. Katedra marketingu
Altri autori: Chebeň, Juraj
Natura: Libro
Lingua:slovacco
Pubblicazione: Bratislava 2009
Tags: Aggiungi Tag
Nessun Tag, puoi essere il primo ad aggiungerne!!

MARC

LEADER 00000nam$a2200000$$$4500
001 0099887
005 20240318135520.8
041 0 |a slo 
044 |a SK 
245 1 0 |a Senior marketing v tanečnej škole  |b bakalárska práca  |c Izabela Petrovičová ; škol. Juraj Chebeň 
264 1 |a Bratislava  |c 2009 
300 |a 54 s. 
100 1 |a Petrovičová, Izabela 
700 1 |a Chebeň, Juraj 
710 2 |a Obchodná fakulta EU. Katedra marketingu